000 00742nam a2200289Ia 4500
005 20260324113528.0
008 008 260324s9999 xx 000 0 eng d
020 _a9781003345763
037 _aEBOOK
040 _aCRL
040 _beng
040 _cCRL
041 _2eng
041 _aeng
084 _qCRL
100 _aTobias Hübinette; Catrin Lundström; Peter Wikström
_91147129
245 0 _aRace in Sweden
245 0 _bRacism and Antiracism in the World’s First ‘Colourblind’ Nation
260 _bTaylor and Francis
260 _c2023
365 _a
365 _b230
856 _uhttp://www.taylorfrancis.com/books/9781003345763
942 _cEBOOK
999 _c1736838
_d1736838